STN ISO 10160 (01 0151) informácie a dokumentácia
Saved in:
| Corporate Author: | |
|---|---|
| Format: | Book |
| Language: | Slovak |
| Published: |
Bratislava
Slovenský ústav technickej normalizácie
2000
|
| Edition: | [2. vyd.] |
| Subjects: | |
| Tags: |
No Tags, Be the first to tag this record!
|
MARC
| LEADER | 00000nam a2200000 4500 | ||
|---|---|---|---|
| 001 | c132717 | ||
| 005 | 20240104101432.7 | ||
| 041 | 0 | |a slo | |
| 044 | |a SK | ||
| 245 | 1 | 0 | |a STN ISO 10160 (01 0151) |b informácie a dokumentácia |
| 250 | |a [2. vyd.] | ||
| 264 | 1 | |a Bratislava |b Slovenský ústav technickej normalizácie |c 2000 | |
| 300 | |a 82 s. | ||
| 500 | |a Norma obsahuje ISO 10160: 1997 | ||
| 610 | 2 | 0 | |a normy ISO |
| 610 | 2 | 0 | |a knihoveda |
| 610 | 2 | 0 | |a Slovensko |
| 610 | 2 | 0 | |a ISO 10160 |
| 610 | 2 | 0 | |a STN 01 0151 |
| 610 | 2 | 0 | |a knižnice |
| 610 | 2 | 0 | |a systémy informačné |
| 610 | 2 | 0 | |a terminológia |
| 610 | 2 | 0 | |a informácie |
| 610 | 2 | 0 | |a technológie informačné |
| 710 | 2 | |a Centrum vedecko-technických informácií SR | |